Loading...

Ein Medaillenentwurf von Albrecht Dürer

Saved in:
Bibliographic Details
Published in:Mitteilungen aus dem Germanischen Nationalmuseum (1912), Seite 104-108
Main Author: Schulz, Fritz Traugott (Author, VerfasserIn)
Document Type: Online Resource Article
Language:German
Online Access:kostenfrei
kostenfrei
Related Items:Enthalten in: Mitteilungen aus dem Germanischen Nationalmuseum
Author Notes:von Dr. Fritz Traugott Schulz
LEADER 01738caa a2200397 c 4500
001 1537788965
003 DE-627
005 20260506171616.0
007 cr cn 008aaaaa
008 160407s1912 xx |||||o 00| ||ger c
024 7 |a urn:nbn:de:bsz:16-mignm-288258  |2 urn 
024 7 |a 10.11588/mignm.1912.0.28825  |2 doi 
035 |a (DE-627)1537788965 
035 |a (DE-576)467788960 
035 |a (DE-599)BSZ467788960 
035 |a (OCoLC)1223979855 
040 |a DE-627  |b ger  |c DE-627  |e rda 
041 |a ger 
084 |a 9,10  |2 ssgn 
100 1 |a Schulz, Fritz Traugott  |d 1875-1951  |e VerfasserIn  |0 (DE-588)11723687X  |0 (DE-627)145326209  |0 (DE-576)291226620  |4 aut 
245 1 4 |a Ein Medaillenentwurf von Albrecht Dürer  |c von Dr. Fritz Traugott Schulz 
264 3 |a Heidelberg  |b arthistoricum.net  |c [2016] 
300 |b Illustrationen 
336 |a Text  |b txt  |2 rdacontent 
337 |a Computermedien  |b c  |2 rdamedia 
338 |a Online-Ressource  |b cr  |2 rdacarrier 
500 |a Elektronische Reproduktion der Druckausgabe 
583 1 |a Archivierung/Langzeitarchivierung gewährleistet  |x XA-DE-BW  |2 pdager  |5 DE-16 
773 0 8 |i Enthalten in  |a Germanisches Nationalmuseum  |t Mitteilungen aus dem Germanischen Nationalmuseum  |d Nürnberg : Museum, 1886  |g (1912), Seite 104-108  |h Online-Ressource  |w (DE-627)844430714  |w (DE-600)2843149-2  |w (DE-576)453536972  |x 2509-4068  |7 nnas 
773 1 8 |g year:1912  |g pages:104-108 
856 4 0 |u http://nbn-resolving.de/urn:nbn:de:bsz:16-mignm-288258  |x Verlag  |x Resolving-System  |z kostenfrei  |3 Volltext  |7 0 
856 4 0 |u http://dx.doi.org/10.11588/mignm.1912.0.28825  |x Verlag  |x Resolving-System  |z kostenfrei  |3 Volltext  |7 0 
912 |a ZDB-282-AAE-article 
935 |h SWB  |i ld 
951 |a AR 
999 |a KXP-PPN1537788965  |e 2929732512